000 00625nam a2200193 4500
005 20260224115719.0
010 _aENG-147858
020 _c1500
_a9789354197307
035 _aEN-131390
037 _bDBAD/PUB
082 _a921
_2RAV
100 _aPonnam Ravichandra
_987423
245 _aPaidi Jairaj:
_cBy Ponnam Ravichandra
_bThe First Action Hero/
_hEngish
260 _aKarimnagar
_bPonnam Ravichandra Supadha Creations
_c2024
270 _a7-2-991, Mankammathota Karimnagar
_bKarimnagar
_e505001
300 _a232p.
_c22cm(hb)
700 _aPonnam Ravichandra
_958746
942 _2ddc
_cEN
_h921
_mRAV
_e1
999 _c199105
_d199105